Sumpah daerah perjuangan : kisah-kisah Ngah Ibrahim & pejuang-pejuang Perak

Bibliographic Details
Format: Book
Published: Pulau pinang : Goal Intelligent Publishing , 2007
Subjects:

MARC

LEADER 00000cam a2200000 7i4500
001 0000019116
005 20080616.0
008 080613
020 |a 9833730388 
090 0 0 |a SUM   |b MAL 
245 0 0 |a Sumpah daerah perjuangan :   |b kisah-kisah Ngah Ibrahim & pejuang-pejuang Perak   |c penyunting Talib Samat 
260 |a Pulau pinang :   |b Goal Intelligent Publishing ,   |c 2007 
650 0 |a Malay fiction 
999 |a 0001178705   |b Book   |c Adult Collection   |e Cawangan Tangkak 
999 |a 0001178706   |b Book   |c Adult Collection   |e Cawangan Bukit Gambir 
999 |a 0001178707   |b Book   |c Adult Collection   |e Cawangan Bandar Penawar 
999 |a 0001178708   |b Book   |c Adult Collection   |e Cawangan Kota Tinggi 
999 |a 0001178711   |b Book   |c Adult Collection   |e Cawangan Pontian 
999 |a 0001178714   |b Book   |c Adult Collection   |e Cawangan Segamat 
999 |a 0001178715   |b Book   |c Adult Collection   |e Cawangan Muar 
999 |a 0001178716   |b Book   |c Adult Collection   |e Cawangan Mersing 
999 |a 0001178717   |b Book   |c Adult Collection   |e Cawangan Bandar Tenggara 
999 |a 0001178718   |b Book   |c Adult Collection   |e Perbadanan Perpustakaan Awam Johor 
999 |a 0001227830   |b Book   |c Adult Collection   |e Perbadanan Perpustakaan Awam Johor